000 00950cam a2200289 i 4500
999 _c2944
_d2944
001 20112930
003 OSt
005 20230913092807.0
008 171031s2018 enka b 001 0deng
010 _a 2017045319
020 _a9780815386797 (softcover)
040 _aDLC
_beng
_cDLC
_erda
_dDLC
_dKH8
042 _apcc
082 0 0 _a792.02 SLO
_223
100 1 _aSlowiak, James
_eauthor.
245 1 0 _aJerzy Grotowski /
_cJames Slowiak and Jairo Cuesta.
250 _aFirst Edition.
264 1 _aMilton Park, Abingdon, Oxon ;
_aNew York, NY :
_bRoutledge,
_c2018.
300 _axvi, 182 pages :
_billustrations ;
_c21 cm
336 _atext
_btxt
_2rdacontent
337 _aunmediated
_bn
_2rdamedia
338 _avolume
_bnc
_2rdacarrier
504 _aIncludes bibliographical references (pages 166-176) and index.
600 1 0 _aGrotowski, Jerzy,
_d1933-1999
_xCriticism and interpretation.
700 1 _aCuesta, Jairo
_eauthor.
942 _2ddc
_cTR